Collaboration is the real Olympic prize (Record no. 77793)

MARC details
000 -LEADER
fixed length control field 00890cab a2200205 4500
001 - CONTROL NUMBER
control field ##L135128
008 - FIXED-LENGTH DATA ELEMENTS--GENERAL INFORMATION
fixed length control field 060926n2006 000 0 eng u
035 ## - SYSTEM CONTROL NUMBER
System control number (Sirsi) u135128
041 0# - LANGUAGE CODE
Language code of text/sound track or separate title eng
100 1# - MAIN ENTRY--PERSONAL NAME
Personal name Kilgallon, Brian
245 00 - TITLE STATEMENT
Title Collaboration is the real Olympic prize
260 ## - PUBLICATION, DISTRIBUTION, ETC.
Date of publication, distribution, etc. 2006
490 #0 - SERIES STATEMENT
Series statement Building
Volume/sequential designation 271(8448) 22 September 2006, 64-65(2)
520 ## - SUMMARY, ETC.
Summary, etc. Suggests that collaboration, as championed in the 2012 Olympic Games construction commitments, could become the norm for all public sector projects. Highlights project bank accounts and project insurances as tools to establish collaboration and questions their slow take up. Concludes that the 2012 Games could force the construction industry to change its practices.
650 24 - SUBJECT ADDED ENTRY--TOPICAL TERM
Topical term or geographic name entry element OLYMPIC GAMES 2012
651 #4 - SUBJECT ADDED ENTRY--GEOGRAPHIC NAME
Geographic name United Kingdom
Chronological subdivision
690 #4 - LOCAL SUBJECT ADDED ENTRY--TOPICAL TERM (OCLC, RLIN)
Topical term or geographic name as entry element LONDON
690 ## - LOCAL SUBJECT ADDED ENTRY--TOPICAL TERM (OCLC, RLIN)
Topical term or geographic name as entry element Project management
9 (RLIN) 6261
942 ## - ADDED ENTRY ELEMENTS (KOHA)
Suppress in OPAC 0
Holdings
Withdrawn status Lost status Source of classification or shelving scheme Damaged status Not for loan Home library Current library Shelving location Date acquired Total Checkouts Full call number Barcode Date last seen Copy number Price effective from Koha item type
    Dewey Decimal Classification     London London Journal article 26/09/2006   L135128 135128-1001 06/08/2019 1 06/08/2019 Journal article